| 000 | 01325cam a2200349 a 4500 | ||
|---|---|---|---|
| 001 | 15149052 | ||
| 003 | OSt | ||
| 005 | 20210928111239.0 | ||
| 008 | 080122s2008 enka b 001 0 eng | ||
| 010 | _a 2008002727 | ||
| 020 | _a9780470519264 (pbk. : alk.paper) | ||
| 035 | _a(OCoLC)ocn191090438 | ||
| 035 | _a(OCoLC)191090438 | ||
| 038 | _akhadija | ||
| 040 |
_aDLC _cDLC _dBAKER _dBWKUK _dYDXCP _dBWX _dBTCTA _dDLC |
||
| 050 | 0 | 0 |
_aTA174 _b.C76 2008 |
| 082 | 0 | 0 |
_a620.0042 _222 _bCRO |
| 100 | 1 |
_aCross, Nigel, _d1942- _982811 |
|
| 245 | 1 | 0 |
_aEngineering design methods : _bstrategies for product design / _cNigel Cross. |
| 250 | _a4th ed. | ||
| 260 |
_aChichester, England ; _aHoboken, NJ : _bJ. Wiley, _cc2008. |
||
| 300 |
_axii, 217 p. : _bill. ; _c25 cm. |
||
| 504 | _aIncludes bibliographical references (p. [213]-214) and index. | ||
| 563 | _aPB | ||
| 650 | 0 |
_aEngineering design. _919438 |
|
| 650 | 0 |
_aProduct design. _918926 |
|
| 856 | 4 | 2 |
_3Publisher description _uhttp://www.loc.gov/catdir/enhancements/fy0810/2008002727-d.html |
| 856 | 4 | 1 |
_3Table of contents only _uhttp://www.loc.gov/catdir/enhancements/fy0810/2008002727-t.html |
| 906 |
_a7 _bcbc _corignew _d1 _eecip _f20 _gy-gencatlg |
||
| 942 |
_2ddc _cBK |
||
| 999 |
_c32469 _d32469 |
||